000 00629nam a2200277Ia 4500
005 20260401125659.0
008 008 300114s9999 xx 000 0 eng d
020 _a9788122447651
037 _aEBOOK
040 _aCRL
040 _beng
040 _cCRL
041 _2eng
041 _aeng
084 _qCRL
100 _aGupta, Navneet
_91233806
245 0 _aElectromagnetic Field and Waves
250 _a1
260 _bNew Age
260 _c2019
650 _aPhysics
856 _uhttps://digital.elib4u.com/product-details/368210
942 _cEBOOK
999 _c1847621
_d1847621